000 00208nam a2200085 4500
001 1258558
005 20260312192550.0
245 _aDİKKAT İCAT ÇIKABİLİR!
_cMELİH TUĞTAĞ
260 _bGENÇ HAYAT YAYINLARI
999 _c1258558
_d1258558